000 00567nam a2200193 i 4500
001 68606
003 ES-MaACL
005 20230906170322.0
007 t|
008 960812s1890 fr ||||1| fre d
040 _aCAM
_bspa
_cCAM
100 1 _aGaulot, Paul.
_956006
245 1 2 _aL'empire de Maximilien /
_cpar Paul Gaulot.
250 _a3ª éd.
260 _aParis :
_bPaul Ollendorff,
_c1890 (
_fTyp. G. Chamerot)
300 _a[4], 339 p. ;
_c19 cm.
651 4 _aMéxico-
_xHistoria-
_y1861-1867, Intervención europea.
_9146885
852 _aES-MaACL
_jD-1437
999 _c68606
_d68606